000 00511nam a2200181Ia 4500
001 23529
005 20260414150943.0
008 260414t2017||||xx |||||||||||||| ||spa||
041 _aESP
082 _a660.284
_bI99
100 _aIzquierdo Torres, José Felipe
_eAUT
245 0 _aIntroducción a la ingeniería química :
_bproblemas resueltos de balances de materia y energía
260 _c2017
300 _axii, 333 páginas :
_c24 cm.
650 _aTCA
654 _aCII
942 _cLIB
_dJUS
_fJUS
_2ddc
_n
999 _c23529
_d23529